000 00439nam a2200157 i 4500
001 62520
003 ES-MaACL
005 20230906164702.0
007 t|
008 031121s1960 sp ||||1| spa d
100 1 _aFernández-Flórez, Darío.
_949786
245 1 0 _aYo estoy dentro
_b: novela /
_cDarío Fernández-Flórez.
260 _aMadrid :
_bPlenitud,
_c[1960]
300 _a292 p. ;
_c19 cm.
852 _aES-MaACL
_jE-2480
_bR.47566
999 _c62520
_d62520